[Event "Tourn. n9548"]
[Site "www.chess-mail.com"]
[Date "2017.11.01"]
[Round "1"]
[White "Luban"]
[Black "Falcoale"]
[WhiteElo "2060"]
[BlackElo "2010"]
[Result "0-1"]
[Round "1"]
1.d4 Ng8f6
2.c4 e6
3.a3 b6
4.Ng1f3 Bc8b7
5.e3 Bf8e7
6.Nb1c3 O-O
7.Bf1e2 d5
8.O-O a6
9.Rf1e1 Nb8d7
10.Be2d3 c5
11.dxc5 Nd7xc5
12.Bd3e2 Qd8c7
13.b4 Nc5e4
14.Nc3xe4 Nf6xe4
15.Qd1b3 Ra8b8
16.Bc1b2 Qc7d8
17.Ra1d1 Qd8c7
18.Bb2e5 Be7d6
19.Be5xd6 Ne4xd6
20.cxd5 Bb7xd5
21.Qb3b2 b5
22.Rd1c1 Nd6c4
23.Be2xc4 bxc4
24.Nf3d4 Qc7e5
25.Qb2c3 Qe5g5
26.f3 e5
27.e4 exd4
28.Qc3xd4 Bd5e6
29.Qd4c3 Rf8d8
{ resign }
0-1

[Event "Tourn. n9555"]
[Site "www.chess-mail.com"]
[Date "2017.11.01"]
[Round "1"]
[White "Bigrezi"]
[Black "Tonino1"]
[WhiteElo "2190"]
[BlackElo "2170"]
[Result "1-0"]
[Round "1"]
1.e4 d6
2.Ng1f3 Ng8f6
3.Nb1c3 g6
4.d4 Bf8g7
5.Bf1e2 O-O
6.O-O c6
7.Bc1f4 Qd8c7
8.Qd1d2 Rf8e8
9.e5 Nf6h5
10.Bf4h6 Bg7h8
11.Ra1e1 dxe5
12.Nf3xe5 Bh8xe5
13.dxe5 Qc7xe5
14.Be2xh5 Qe5xh5
15.Re1xe7  { time }
1-0

[Event "Tourn. n9565"]
[Site "www.chess-mail.com"]
[Date "2017.11.01"]
[Round "1"]
[White "Fantomas"]
[Black "Falcoale"]
[WhiteElo "2200"]
[BlackElo "2010"]
[Result "1-0"]
[Round "1"]
1.Ng1f3 c5
2.g3 Ng8f6
3.Bf1g2 Nb8c6
4.O-O e6
5.d4 cxd4
6.Nf3xd4 a6
7.Nb1c3 Bf8b4
8.Nd4xc6 bxc6
9.Bc1d2 O-O
10.a3 Bb4a5
11.b4 Ba5b6
12.e3 Ra8b8
13.Nc3e4 Nf6xe4
14.Bg2xe4 d5
15.Be4g2 Bc8b7
16.c3 Bb6c7
17.Qd1c2 e5
18.Ra1d1 f5
19.c4 Qd8f6
20.cxd5 Rb8c8
21.dxc6 Bb7xc6
22.Qc2xc6 Bc7d6
23.Qc6d5 Kh8
24.Qd5b3 f4
25.exf4 exf4
26.Bd2c1 Bd6b8
27.Bc1b2 Qf6g6
28.Rf1e1 Bb8a7
29.Bb2d4 Ba7xd4
30.Rd1xd4 fxg3
31.hxg3 Qg6f6
32.Rd4f4 Qf6c6
33.Bg2xc6 { resign }
1-0

[Event "Tourn. n9581"]
[Site "www.chess-mail.com"]
[Date "2017.11.01"]
[Round "1"]
[White "Apdash"]
[Black "Wegaman"]
[WhiteElo "2240"]
[BlackElo "2060"]
[Result "1-0"]
[Round "1"]
1.e4 e6
2.d4 d5
3.exd5 exd5
4.Ng1f3 Ng8f6
5.c4 dxc4
6.Bf1xc4 Bf8e7
7.O-O O-O
8.Nb1c3 Bc8g4
9.Bc1e3 Nb8c6
10.h3 Bg4h5
11.g4 Bh5g6
12.Nf3e5 Nc6xe5
13.dxe5 Nf6d7
14.f4 h6
15.Qd1f3 c6
16.e6 Nd7b6
17.Bc4b3 fxe6
18.f5 Bg6e8
19.Bb3xe6 Kh8
20.Ra1d1 { resign }
1-0

[Event "Tourn. n9583"]
[Site "www.chess-mail.com"]
[Date "2017.11.01"]
[Round "1"]
[White "Prize64"]
[Black "Roque1"]
[WhiteElo "1990"]
[BlackElo "1840"]
[Result "1-0"]
[Round "1"]
1.e4 c5
2.Ng1f3 e6
3.c4 d5
4.cxd5 exd5
5.exd5 Qd8xd5
6.Bf1e2 Bf8d6
7.O-O Ng8f6
8.Nb1c3 Qd5e6
9.Be2b5 Bc8d7
10.Rf1e1 Bd6e5
11.Re1xe5 { resign }
1-0

[Event "Tourn. n9484"]
[Site "www.chess-mail.com"]
[Date "2017.11.01"]
[Round "1"]
[White "Azulmarino"]
[Black "Hansen"]
[WhiteElo "1610"]
[BlackElo "1560"]
[Result "1-0"]
[Round "1"]
1.e4 d5
2.exd5 Qd8xd5
3.Nb1c3 Qd5c6
4.d3 h6
5.Bc1e3 Ng8f6
6.Ng1f3 Bc8g4
7.Bf1e2 Nb8d7
8.h3 Bg4xf3
9.Be2xf3 Qc6e6
10.Qd1d2 g5
11.g4 c6
12.h4 Ra8d8
13.hxg5 Nf6h7
14.Nc3e4 Nd7e5
15.Bf3e2 Bf8g7
16.Ne4g3 b6
17.gxh6 Bg7f6
18.Ng3f5 Rh8g8
19.d4 Ne5g6
20.Be2a6 Ng6f4
21.O-O-O Nf4d5
22.Rh1h4 c5
23.Ba6b5 Kf8
24.Rh4h1 Rg8xg4
25.Bb5c4 Qe6xf5
26.a3 Nd5c7
27.Bc4d3 Qf5d5
28.Bd3xh7 Qd5a2
29.c4 Qa2xc4
30.Bh7c2 Bf6xd4
31.h7 Qc4a2
32.Be3xd4 Rd8xd4
33.h8Q Rg4g8
34.Qd2h6 Ke8
35.Qh6c6 Kf8
36.Qc6xc7 Rg8xh8
37.Rh1xh8 Kg7
38.Qc7h2 Qa2a1
39.Bc2b1 Rd4c4
40.Kd2 Qa1xb2
41.Ke1 Qb2e5
42.Qh2xe5 f6
43.Rh8h7 Kf8
44.Rd1d8 { resign }
1-0

[Event "Tourn. n9549"]
[Site "www.chess-mail.com"]
[Date "2017.11.01"]
[Round "1"]
[White "Theo64"]
[Black "Azulmarino"]
[WhiteElo "1790"]
[BlackElo "1600"]
[Result "0-1"]
[Round "1"]
1.e4 e5
2.Ng1f3 Nb8c6
3.Bf1c4 h6
4.d4 exd4
5.Nf3xd4 Nc6e5
6.Bc4b3 Bf8c5
7.c3 Qd8f6
8.O-O Qf6h4
9.f3 Bc5d6
10.f4 Ne5g4
11.h3 Qh4g3
12.hxg4 h5
13.Qd1f3 Qg3h4
14.Nd4f5 Qh4f6
 { time }
0-1

[Event "Match"]
[Site "www.echecsemail.com"]
[Date "2017.11.01"]
[Round "1"]
[White "Guidom"]
[Black "Joaodelisboa"]
[WhiteElo "2120"]
[BlackElo "1929"]
[Result "1/2-1/2"]
[Round "1"]
1.e4 e5
2.Ng1f3 Nb8c6
3.Bf1b5 a6
4.Bb5a4 Ng8f6
5.d3 b5
6.Ba4b3 Bf8e7
7.Nb1c3 d6
8.O-O O-O
9.Bc1g5 Nc6a5
10.h3 Na5xb3
11.axb3 c5
12.Qd1e2 Bc8b7
13.Rf1d1 Nf6d7
14.Bg5xe7 Qd8xe7
15.Nc3d5 Bb7xd5
16.exd5 Nd7f6
17.c4 g6
18.Nf3d2 Nf6h5
19.Nd2e4 f5
20.Ne4c3 b4
21.Nc3b1 Qe7g5
22.Qe2f3 Rf8e8
23.Nb1d2 a5
24.Nd2f1 Ra8a7
25.Nf1g3 Nh5f4
26.Kh2 Re8a8
27.Ra1a4 h5
28.Ng3e2 Nf4xe2
{ draw }
1/2-1/2

[Event "Match"]
[Site "www.echecsemail.com"]
[Date "2017.11.01"]
[Round "1"]
[White "Bojan"]
[Black "Mitja"]
[WhiteElo "1970"]
[BlackElo "1930"]
[Result "1-0"]
[Round "1"]
1.c4 d5
2.c5 Nb8a6
3.d4 e6
4.Bc1f4 c6
5.a3 h6
6.Ng1f3 Ng8f6
7.h3 b6
8.b4 b5
9.Nb1d2 Na6c7
10.Nf3e5 Bc8b7
11.Nd2b3 Nf6d7
12.Ne5f3 Bf8e7
13.Nb3a5 Ra8b8
14.Nf3e5 Nd7xe5
15.Bf4xe5 Be7f6
16.Na5xb7 Rb8xb7
17.Be5g3 O-O
18.e3 Rf8e8
19.Bf1d3 e5
20.dxe5 Bf6xe5
21.Bg3xe5 Re8xe5
22.O-O Nc7e8
23.Bd3c2 Ne8f6
24.Qd1f3 Rb7e7
25.Ra1d1 a5
26.Rd1d4 a4
27.Rf1d1 Qd8c7
28.Rd4h4 Kf8
29.Qf3g3 Qc7c8
30.Qg3f3 Qc8e6
31.Rh4f4 Nf6h5
32.Rf4d4 Nh5f6
33.g4 g5
34.Bc2f5 Re5xf5
35.gxf5 Qe6e5
36.Kf1 Nf6e4
37.Kg2 Ne4c3
38.Rd1h1 Nc3e4
39.h4 Kg7
40.hxg5 hxg5
41.Qf3h5 Kf8
42.Qh5h6 Ke8
43.Qh6xc6 Kf8
44.Rd4xd5 Qe5c7
45.Rh1h8 Kg7
46.Qc6h6 { resign }
1-0

[Event "Match"]
[Site "www.echecsemail.com"]
[Date "2017.11.01"]
[Round "1"]
[White "Pinehill"]
[Black "Gidi5"]
[WhiteElo "2090"]
[BlackElo "2290"]
[Result "0-1"]
[Round "1"]
1.e4 e5
2.Ng1f3 Nb8c6
3.Bf1b5 a6
4.Bb5a4 Ng8f6
5.d3 b5
6.Ba4b3 Bf8e7
7.Bc1g5 d6
8.c3 O-O
9.Nb1d2 Nf6h5
10.Bg5xe7 Qd8xe7
11.O-O Nh5f4
12.Bb3c2 f5
13.d4 exd4
14.Nf3xd4 Nc6xd4
15.cxd4 Bc8b7
16.f3 Qe7g5
17.Kh1 Qg5xg2
{ resign }
0-1

[Event "Match"]
[Site "www.echecsemail.com"]
[Date "2017.11.01"]
[Round "1"]
[White "Bjonil60"]
[Black "Jc7325"]
[WhiteElo "1500"]
[BlackElo "1339"]
[Result "0-1"]
[Round "1"]
1.d4 d5
2.Ng1f3 Ng8f6
3.e3 Nb8c6
4.a3 Bc8g4
5.Bf1e2 g6
6.O-O Bf8g7
7.h3 Bg4xf3
8.Be2xf3 O-O
9.Nb1c3 Ra8b8
10.g3 b5
11.Bf3e2 Rf8e8
12.g4 a5
13.Nc3a2 Nf6e4
14.Be2d3 e5
15.dxe5 Bg7xe5
16.f4 Ne4g3
17.Rf1e1 Be5xf4
18.exf4 Re8xe1
19.Qd1xe1 Ng3e4
20.Bd3xe4 dxe4
21.Qe1xe4 Kg7
22.f5 Qd8d1
23.Kh2 Nc6d4
24.c3 Nd4e2
25.Qe4e5 Kg8
26.Qe5xc7 Qd1g1

0-1

[Event "Match"]
[Site "www.echecsemail.com"]
[Date "2017.11.01"]
[Round "1"]
[White "Mdesouza"]
[Black "Gidi5"]
[WhiteElo "2250"]
[BlackElo "2059"]
[Result "0-1"]
[Round "1"]
1.b3 d6
2.Bc1b2 e5
3.g3 Ng8f6
4.Bf1g2 Bf8e7
5.c4 O-O
6.Nb1c3 Nb8c6
7.e3 Bc8f5
8.d3 Nc6b4
9.e4 Bf5c8
10.Ng1e2 c6
11.O-O Nb4a6
12.f4 Nf6g4
13.Qd1d2 Qd8b6
14.d4 Qb6b4
15.Ra1d1 exd4
16.Nc3d5 cxd5
17.cxd5 Ng4e3
18.Bb2c3 Ne3xf1
19.Bc3xb4 Nf1xd2
20.Bb4xd2 Bc8g4
21.Kf2 d3
{ resign }
0-1

[Event "Match"]
[Site "www.echecsemail.com"]
[Date "2017.11.01"]
[Round "1"]
[White "Ztornad"]
[Black "Castletyme"]
[WhiteElo "1550"]
[BlackElo "1880"]
[Result "0-1"]
[Round "1"]
1.e4 e6
2.Nb1c3 Nb8c6
3.Ng1e2 d6
4.d4 Ng8f6
5.d5 exd5
6.Nc3xd5 Nf6xd5
7.exd5 Nc6e7
8.c4 Ne7g6
9.Ne2d4 Bf8e7
10.g3 O-O
11.Bf1g2 Rf8e8
12.O-O Ng6e5
13.Qd1a4 Bc8d7
14.Qa4c2 Ne5g6
15.b3 a6
16.Bc1e3 Be7f6
17.Ra1e1 Bf6xd4
18.Qc2d2 Bd4xe3
19.Re1xe3 Re8xe3
20.fxe3 c6
21.Rf1f2 c5
22.Qd2b4 cxb4
{ resign }
0-1

[Event "Match"]
[Site "www.echecsemail.com"]
[Date "2017.11.01"]
[Round "1"]
[White "Add"]
[Black "Gidi5"]
[WhiteElo "2190"]
[BlackElo "2309"]
[Result "1/2-1/2"]
[Round "1"]
1.c4 Ng8f6
2.Nb1c3 e6
3.e4 Bf8b4
4.d3 Nb8c6
5.Ng1f3 d6
6.a3 Bb4xc3
7.bxc3 O-O
8.Bc1g5 e5
9.h3 Qd8e7
10.Bf1e2 Nc6d8
11.O-O Nd8e6
12.Bg5h4 Ne6f4
13.Nf3h2 Qe7e6
14.Be2f3 Kh8
15.Rf1e1 Rf8g8
16.Bh4g5 Nf4g6
17.Qd1d2 h6
18.Bg5e3 Ng6h4
19.Bf3g4 Nf6xg4
20.Nh2xg4 Qe6g6
21.f3 h5
22.Qd2f2 Nh4xf3
23.gxf3 hxg4
24.Qf2h4 Qg6h7
25.Qh4xh7 Kxh7
26.hxg4 g6
27.Kg2 f5
28.Re1h1 Kg7
29.g5 fxe4
30.dxe4 b6
31.Rh1h2 Bc8e6
32.Ra1h1 Rg8h8
33.Rh2xh8 Ra8xh8
34.Rh1xh8 Kxh8
35.c5 bxc5
36.f4 Kg7
{ draw }
1/2-1/2

[Event "Match"]
[Site "www.echecsemail.com"]
[Date "2017.11.01"]
[Round "1"]
[White "Helioth"]
[Black "Ricardogutic"]
[WhiteElo "999"]
[BlackElo "1499"]
[Result "1-0"]
[Round "1"]
1.e4 e5
2.Ng1f3 Nb8c6
3.d4 f6
4.a3 a6
5.Bf1c4 Nc6a5
6.Nf3xe5 fxe5
7.Qd1h5 g6
8.Qh5xe5 Qd8e7
9.Qe5xa5 Qe7xe4
10.Bc1e3 d6
11.Qa5xc7 Qe4e7
12.Qc7a5 Bf8h6
13.O-O Bc8e6
14.Be3xh6 Ng8xh6
15.Rf1e1 Kf8
16.Re1xe6 Qe7d7
17.Nb1c3 b5
18.Nc3xb5 Ra8c8
19.Re6xd6 Qd7f5
20.Qa5xa6 Kg7
21.Rd6f6 Qf5xf6
22.Qa6xf6 Kxf6
23.b3 Kg5
24.d5 Rh8f8
25.d6 Rf8f5
26.a4 Rf5e5
27.a5 Rc8d8
28.a6 Nh6f7
29.a7 Rd8e8
30.Kf1 Re8a8
31.Nb5c7 Ra8c8
32.a8Q Rc8xa8
33.Ra1xa8 Nf7xd6
34.Nc7d5 Nd6xc4
35.f4 Kf5
36.fxe5 Nc4xe5
37.h3 h5
38.Ra8a4 Ke6
39.Nd5f4 Kf5
40.Nf4d3 Ne5c6
41.Kf2 g5
42.b4 Nc6d4
43.Ra4a5 Kf6
44.c3 Nd4b3
45.Ra5e5 Nb3c1
46.Re5e3 Nc1b3
47.c4 Kf5
48.b5 g4
49.b6 gxh3
50.gxh3 Nb3a5
51.Re3e5 Kf6
52.Re5xa5 Ke6
53.Ra5d5 h4
54.Kf3 Ke7
55.b7  { time }
1-0

[Event "1/8 Finale"]
[Site "www.chess-mail.com"]
[Date "2017.11.01"]
[Round "1"]
[White "Buchauer"]
[Black "Nimzo"]
[WhiteElo "2820"]
[BlackElo "2860"]
[Result "1/2-1/2"]
[Round "1"]
1.e4 c6
2.d4 d5
3.e5 Bc8f5
4.Ng1f3 e6
5.Bf1e2 c5
6.Bc1e3 cxd4
7.Nf3xd4 Ng8e7
8.Nb1d2 Nb8c6
9.Nd2f3 Bf5e4
10.O-O Be4xf3
11.Nd4xf3 Qd8c7
12.c4 dxc4
13.Ra1c1 b5
14.b3 Ra8d8
15.Qd1c2 Ne7f5
16.Be2xc4 bxc4
17.Qc2xc4 { draw }
1/2-1/2

[Event "1/128 Finale"]
[Site "www.chess-mail.com"]
[Date "2017.11.01"]
[Round "1"]
[White "Tonino1"]
[Black "Mitja"]
[WhiteElo "2170"]
[BlackElo "1990"]
[Result "0-1"]
[Round "1"]
1.d4 d5
2.f4 e6
3.e3 c6
4.Ng1f3 Ng8f6
5.Bf1d3 Bf8b4
6.c3 Bb4a5
7.O-O Ba5b6
8.Nb1d2 Bb6c7
9.Nf3e5 Nb8d7
10.e4 Nd7xe5
11.fxe5 Nf6d7
12.exd5 cxd5
13.Qd1h5 g6
14.Qh5h6 Qd8e7
15.Qh6g7 Qe7f8
16.Rf1xf7 Qf8xg7
17.Rf7xg7 Kf8
18.Rg7xd7 Bc8xd7
19.Nd2f3 Ke7
20.Bc1g5 Kf7
21.Bg5f6 Rh8f8
22.Nf3g5 Kg8
23.Bf6e7 Rf8e8
24.Be7a3 Bc7d8
25.Ng5h3 Bd8e7
26.b4 a6
27.Ba3c1 Be7f8
28.Bc1g5 Bf8g7
29.Nh3f2 Bd7b5
30.Bd3xb5 axb5
31.Nf2g4 Re8c8
32.Bg5d2 Ra8a3
33.Ng4f2 Rc8a8
34.Nf2d3 Ra3xa2
35.Ra1xa2 Ra8xa2
36.Bd2e1 b6
37.Kf1 Bg7h6
 { time }
0-1

[Event "Eq:Slap Shot Mates-Tigers of Istanbul : "]
[Site "www.chess-mail.com"]
[Date "2017.11.01"]
[Round "1"]
[White "Witpar"]
[Black "Fedallah"]
[WhiteElo "2710"]
[BlackElo "2270"]
[Result "1-0"]
[Round "1"]
1.d4 d5
2.c4 dxc4
3.e4 e5
4.Ng1f3 exd4
5.Bf1xc4 Bf8b4
6.Nb1d2 Nb8c6
7.O-O Ng8f6
8.e5 Nf6d5
9.Nd2b3 Nd5b6
10.Bc4b5 O-O
11.Bb5xc6 bxc6
12.Bc1g5 Qd8d5
13.a3 Bb4c5
14.Nb3xc5 Qd5xc5
15.Ra1c1 Qc5d5
16.Qd1xd4 Bc8e6
17.Qd4h4 h6
18.Rf1d1 Qd5b3
19.Bg5xh6 gxh6
20.Qh4xh6 Be6f5
21.Nf3d4 Qb3xb2
22.Nd4xf5 Qb2xe5
23.Qh6g5 Kh8
24.Rc1xc6 { resign }
1-0

[Event "Tourn. n9543"]
[Site "www.chess-mail.com"]
[Date "2017.11.02"]
[Round "1"]
[White "Tartan"]
[Black "Mancini"]
[WhiteElo "2460"]
[BlackElo "2470"]
[Result "1/2-1/2"]
[Round "1"]
1.d4 Ng8f6
2.c4 e6
3.Nb1c3 d5
4.Bc1g5 Bf8e7
5.Ng1f3 h6
6.Bg5h4 O-O
7.e3 Nf6e4
8.Bh4xe7 Qd8xe7
9.Ra1c1 c6
10.Bf1d3 Ne4xc3
11.Rc1xc3 dxc4
12.Bd3xc4 Nb8d7
13.O-O b6
14.Bc4d3 c5
15.Bd3b5 Rf8d8
16.Bb5c6 Bc8a6
17.Bc6xa8 Ba6xf1
{ draw }
1/2-1/2

[Event "Tourn. n9469"]
[Site "www.chess-mail.com"]
[Date "2017.11.02"]
[Round "1"]
[White "Conde7"]
[Black "Obisporey"]
[WhiteElo "2850"]
[BlackElo "2600"]
[Result "1-0"]
[Round "1"]
1.e4 c6
2.d4 d5
3.e5 c5
4.c3 Nb8c6
5.Bf1e2 e6
6.Ng1f3 Ng8e7
7.O-O Ne7g6
8.g3 Qd8b6
9.Nb1a3 Bc8d7
10.Na3c2 cxd4
11.cxd4 f6
12.exf6 gxf6
13.Rf1e1 Rh8g8
14.Bc1d2 O-O-O
15.b4 Bf8d6
16.b5 Nc6e7
17.a4 Rd8e8
18.Nc2b4 Qb6d8
19.a5 Kb8
20.Qd1b3 Ka8
21.b6 a6
22.Nb4xa6 bxa6
23.Be2xa6 Ne7c6
24.Re1b1 Rg8g7
25.Ba6d3 Re8h8
26.a6 Rh8g8
27.Kh1 Rg8e8
28.h4 Ng6f8
29.h5 Rg7f7
30.Nf3h2 f5
31.Nh2f3 f4
32.Nf3e5 Bd6xe5
33.b7 { resign }
1-0

[Event "Tourn. n9491"]
[Site "www.chess-mail.com"]
[Date "2017.11.02"]
[Round "1"]
[White "Mystakerchon"]
[Black "Begory"]
[WhiteElo "1090"]
[BlackElo "1620"]
[Result "1-0"]
[Round "1"]
1.e4 d5
2.exd5 Qd8xd5
3.Ng1f3 Bc8g4
4.c4 Qd5d8
5.Bf1e2 Nb8c6
6.Nb1c3 Ng8f6
7.h3 Bg4xf3
8.Be2xf3 Qd8d7
9.O-O O-O-O
10.Ra1b1 e5
11.b4 Bf8xb4
12.Qd1b3 b6
13.Bf3xc6 Qd7xc6
14.Qb3xb4 a5
15.Qb4b5 Qc6d6
16.d3 Qd6xd3
17.Bc1b2 Kb7
18.Rf1d1 Qd3g6
19.Nc3d5 Nf6h5
20.Bb2xe5 c6
21.Qb5xb6 Ka8
22.Nd5c7 { resign }
1-0

[Event "Tourn. n9491"]
[Site "www.chess-mail.com"]
[Date "2017.11.02"]
[Round "1"]
[White "Begory"]
[Black "Mozgegorov"]
[WhiteElo "1610"]
[BlackElo "999"]
[Result "0-1"]
[Round "1"]
1.d4 d5
2.Bc1f4 Bc8f5
3.Nb1c3 Ng8f6
4.Nc3b5 Nb8a6
5.e3 c6
6.Nb5c3 Na6c7
7.Bf1d3 Bf5g6
8.Bd3xg6 hxg6
9.Bf4xc7 Qd8xc7
10.Ng1f3 e6
11.O-O Bf8d6
12.Nf3g5 O-O-O
13.Rf1e1 Bd6xh2
14.Kf1 Bh2d6
15.g3 Bd6xg3
16.fxg3 Qc7xg3
17.Ng5xf7 Rh8h1
18.Ke2 Rh1h2
19.Kd3 Nf6g4
20.Nf7xd8 Kxd8
21.Re1g1 Qg3xe3
{ resign }
0-1

[Event "Tourn. n9594"]
[Site "www.chess-mail.com"]
[Date "2017.11.02"]
[Round "1"]
[White "Griffo30"]
[Black "Fantomas"]
[WhiteElo "2140"]
[BlackElo "2120"]
[Result "1-0"]
[Round "1"]
1.e4 e5
2.Ng1f3 Nb8c6
3.Bf1c4 h6
4.O-O Bf8c5
5.c3 d6
6.d4 exd4
7.cxd4 Bc5b6
8.h3 Ng8e7
9.Nb1c3 Ne7g6
10.Bc1e3 a6
11.a3 O-O
12.Bc4b3 Bb6a7
13.Ra1c1 Bc8d7
14.Qd1c2 Ra8c8
15.d5 Nc6e5
16.Nf3xe5 dxe5
17.Be3xa7 { resign }
1-0

[Event "Tourn. n9589"]
[Site "www.chess-mail.com"]
[Date "2017.11.02"]
[Round "1"]
[White "Fantomas"]
[Black "Apdash"]
[WhiteElo "2130"]
[BlackElo "2260"]
[Result "1-0"]
[Round "1"]
1.c4 e5
2.d3 Ng8f6
3.Nb1c3 Bf8e7
4.e4 O-O
5.Ng1f3 d6
6.h3 c6
7.Bc1e3 a6
8.Bf1e2 b5
9.cxb5 axb5
10.a3 Bc8b7
11.O-O Nb8d7
12.Qd1c2 d5
13.exd5 Nf6xd5
14.Nc3xd5 cxd5
15.Qc2b3 d4
16.Be3d2 Ra8b8
17.Rf1c1 Nd7c5
18.Qb3c2 e4
19.Nf3e1 Rb8c8
20.Qc2d1 f5
21.b4 Nc5a4
22.Rc1xc8 Qd8xc8
23.Qd1b3 Kh8
24.dxe4 fxe4
25.Be2g4 Qc8c6
26.Qb3e6 Qc6xe6
27.Bg4xe6 Rf8f6
28.Be6g4 Bb7d5
29.Ne1c2 d3
30.Nc2e3 Bd5c4
31.Bg4f5 Rf6d6
32.Bf5xe4 Be7f6
33.Ra1e1 Bf6b2
34.Ne3xc4 bxc4
35.Be4d5 h5
36.Bd5xc4 Bb2xa3
37.Re1e8 Kh7
38.Bc4g8 Kg6
39.Re8e6 Rd6xe6
40.Bg8xe6 Na4b6
41.g4 hxg4
42.hxg4 Kf6
43.Be6f5 Nb6d5
44.b5 Ba3b4
45.Bd2xb4 Nd5xb4
46.Kf1 Ke5
47.Ke1 Kf4
48.b6 Nb4c6
49.b7 Kf3
50.Kd2 Kxf2
51.Kxd3 Kg3
52.Ke4 g6
53.Bf5c8 Kh4
54.Kd5 Nc6b8
55.Kc5 Kg5
56.Bc8e6 Kf6
57.Kd6 g5
58.Be6c4 Kg7
59.Kc7 Nb8a6
60.Bc4xa6 Kf6
61.b8Q Ke5
62.Qb8e8 Kf4
63.Ba6e2 Kg3
64.Qe8f8 Kh4
65.Qf8h6 Kg3
66.Qh6xg5 { resign }
1-0

[Event "Tourn. n9581"]
[Site "www.chess-mail.com"]
[Date "2017.11.02"]
[Round "1"]
[White "Apdash"]
[Black "Luban"]
[WhiteElo "2240"]
[BlackElo "2070"]
[Result "1-0"]
[Round "1"]
1.e4 c6
2.d4 d5
3.e5 Bc8f5
4.c4 dxc4
5.Bf1xc4 e6
6.Nb1c3 h6
7.Bc1e3 Bf8b4
8.Qd1b3 Bb4xc3
9.bxc3 Qd8c7
10.Ng1f3 Ng8e7
11.Bc4e2 Ne7d5
12.Be3d2 b5
13.a4 bxa4
14.Ra1xa4 Nb8d7
15.Qb3a3 Nd7b6
16.Ra4a6 Qc7e7
17.Qa3a1 O-O
18.c4 Nd5b4
19.Bd2xb4 Qe7xb4
20.Kf1 Rf8c8
21.h3 Rc8c7
22.Kg1 Nb6xc4
23.Ra6a4 Qb4e7
24.Be2xc4 Bf5e4
25.Bc4e2 Be4d5
26.Kh2 c5
27.dxc5 Qe7xc5
28.Rh1f1 Ra8b8
29.Nf3g1 Rb8b4
30.Be2f3 Bd5c4
31.Ra4xb4 Qc5xb4
32.Rf1b1 Qb4c5
33.Bf3e4 g6
34.Qa1b2 a6
35.Ng1f3 Bc4b5
36.Qb2d2 Kg7
37.Qd2d8 Qc5e7
38.Rb1d1 Qe7xd8
39.Rd1xd8 a5
40.Rd8a8 a4
41.Nf3d4 Bb5d7
42.Be4d3 Rc7c3
43.Bd3b5 Bd7xb5
44.Nd4xb5 Rc3b3
45.Nb5d6 { resign }
1-0

[Event "Tourn. n9590"]
[Site "www.chess-mail.com"]
[Date "2017.11.02"]
[Round "1"]
[White "Mitja"]
[Black "Luban"]
[WhiteElo "1930"]
[BlackElo "2070"]
[Result "1-0"]
[Round "1"]
1.d4 d5
2.e3 e6
3.c3 c5
4.dxc5 Bf8xc5
5.Nb1d2 Ng8f6
6.Nd2b3 Bc5d6
7.Ng1f3 O-O
8.Bf1d3 b6
9.Bd3c2 Bc8b7
10.Nb3d4 Nb8c6
11.Nd4xc6 Bb7xc6
12.Nf3d4 Ra8c8
13.Nd4xc6 Rc8xc6
14.h3 Qd8c7
15.Bc2a4 Rc6c4
16.Ba4b3 Rc4h4
17.Qd1e2 Nf6e4
18.Bc1d2 Ne4xd2
19.Qe2xd2 Rf8d8
20.Bb3c2 Bd6e7
21.Qd2d3 e5
22.g3 e4
23.Qd3e2 Rh4h6
24.h4 Be7d6
25.O-O-O f5
26.Rd1xd5 Rh6f6
27.Bc2b3 Kf8
28.Rh1d1 Bd6e7
29.Rd5xd8 Be7xd8
30.Qe2d2 Bd8e7
31.Qd2d5 { resign }
1-0

[Event "Match"]
[Site "www.echecsemail.com"]
[Date "2017.11.02"]
[Round "1"]
[White "Apdash"]
[Black "Whitekknight"]
[WhiteElo "2210"]
[BlackElo "1930"]
[Result "1-0"]
[Round "1"]
1.e4 e5
2.Bf1c4 Ng8f6
3.d3 h6
4.f4 Nb8c6
5.fxe5 Nc6xe5
6.Bc4b3 d6
7.Bc1f4 Ne5g6
8.Bf4e3 Bf8e7
9.Ng1f3 Bc8g4
10.O-O O-O
11.Qd1d2 Kh7
12.Nb1c3 Bg4xf3
13.Rf1xf3 Ng6e5
14.Rf3h3 Nf6g8
15.Ra1f1 Ne5g4
16.Rf1xf7 Ng4xe3
17.Rf7xf8 Qd8xf8
18.Qd2xe3 c6
19.Rh3f3 Qf8e8
20.Nc3e2 Be7g5
21.Qe3f2 Bg5f6
22.c3 Qe8e7
23.Ne2g3 Ra8f8
24.Qf2xa7 g6
25.Qa7f2 Qe7g7
26.d4 Kh8
27.e5 dxe5
28.dxe5 Bf6e7
29.Rf3xf8 Be7xf8
30.Qf2e2 h5
31.e6 Ng8e7
32.Ng3e4 Qg7e5
33.Qe2f3 Ne7f5
34.g3 Bf8e7
35.Qf3f4 Qe5g7
36.Kg2 Kg8
37.Qf4b8 Kh7
38.Qb8xb7 Qg7e5
39.Qb7xc6 Kg7
40.Kf3 Kh6
41.Qc6d5 Qe5xd5
42.Bb3xd5 Kg7
43.b4 Kf8
44.a4 Ke8
45.a5 Kd8
46.a6 { resign }
1-0

[Event "Match"]
[Site "www.echecsemail.com"]
[Date "2017.11.02"]
[Round "1"]
[White "Apdash"]
[Black "Numanoid"]
[WhiteElo "2210"]
[BlackElo "2390"]
[Result "1/2-1/2"]
[Round "1"]
1.d4 d5
2.Ng1f3 Ng8f6
3.c4 dxc4
4.Nb1c3 c6
5.a4 Bc8f5
6.e3 e6
7.Bf1xc4 Bf8b4
8.O-O Nb8d7
9.Qd1b3 Qd8e7
10.a5 O-O
11.Ra1a4 Bb4xc3
12.bxc3 b5
13.axb6 axb6
14.Ra4xa8 Rf8xa8
15.h3 b5
16.Bc4e2 Nd7b6
17.Nf3e5 Qe7c7
18.f3 Nf6d7
19.e4 Bf5g6
20.Bc1f4 Nd7xe5
21.Bf4xe5 Qc7e7
22.c4 f6
23.Be5g3 Ra8a3
24.Qb3c2 bxc4
25.Be2xc4 Nb6xc4
{ draw }
1/2-1/2

[Event "Match"]
[Site "www.echecsemail.com"]
[Date "2017.11.02"]
[Round "1"]
[White "Apdash"]
[Black "Liencam2"]
[WhiteElo "1949"]
[BlackElo "2210"]
[Result "0-1"]
[Round "1"]
1.d4 Ng8f6
2.c4 g6
3.Nb1c3 d6
4.e4 Bf8g7
5.Bf1d3 O-O
6.f3 c5
7.e5 Nf6e8
8.exd6 cxd4
9.dxe7 Qd8xe7
10.Nc3e2 Nb8c6
11.Kf2 Ne8d6
12.Ne2g3 Bc8e6
13.b3 Nc6b4
14.Bc1a3 Nb4xd3
15.Qd1xd3 Qe7c7
16.Ng1e2 Rf8d8
17.Rh1d1 Nd6f5
18.Ne2f4 Qc7xf4
19.Ba3c1 Qf4h4
20.Qd3e4 Qh4xe4
21.fxe4 Nf5e7
22.Bc1a3 Ne7c6
23.Rd1d3 Nc6e5
24.Rd3d2 Ne5g4
25.Kg1 d3
26.Ra1b1 Bg7d4
27.Kf1 Ng4xh2
28.Ke1 Bd4c3
29.Rb1d1 Nh2g4
30.Ba3b2 Bc3xd2
31.Kxd2 h5
32.Kc3 Ng4e3
33.Rd1d2 Be6g4
34.e5 h4
35.Ng3e4 Bg4e2
36.Ne4d6 Ne3f1
37.c5 Nf1xd2
38.Kxd2 Rd8d7
39.b4 g5
40.Bb2d4 g4
41.Bd4f2 h3
42.gxh3 gxh3
43.Bf2g3 Kg7
44.a4 Ra8h8
45.Bg3h2 Rh8h6
46.Nd6f5 Kg6
47.Nf5xh6 Kxh6
48.b5 Rd7d5
49.c6 bxc6
50.bxc6 Rd5c5
51.e6 fxe6
52.c7 Kg5
{ resign }
0-1

[Event "Match"]
[Site "www.echecsemail.com"]
[Date "2017.11.02"]
[Round "1"]
[White "Gidi5"]
[Black "Estonia"]
[WhiteElo "2059"]
[BlackElo "1970"]
[Result "1/2-1/2"]
[Round "1"]
1.e4 c5
2.Ng1f3 e6
3.d4 cxd4
4.Nf3xd4 Ng8f6
5.Bf1d3 Nb8c6
6.Nd4xc6 bxc6
7.O-O d5
8.exd5 cxd5
9.Nb1c3 Bf8e7
10.Bc1g5 Bc8b7
11.Bg5xf6 Be7xf6
12.Bd3b5 Kf8
13.Qd1g4 h5
14.Qg4b4 Bf6e7
15.Qb4d4 a6
16.Bb5e2 Be7f6
17.Qd4b4 Qd8e7
18.Qb4xe7 Kxe7
19.Be2f3 g5
20.h3 Bf6xc3
21.bxc3 Ra8c8
22.Ra1b1 Rc8c7
23.Rb1b3 f5
24.Rf1b1 Bb7c6
25.Rb3b6 Bc6b5
26.Rb1e1 Rc7c6
27.Rb6xc6 Bb5xc6
28.c4 Kd6
29.cxd5 exd5
30.Re1d1 Kc7
31.Bf3xd5 Bc6xd5
32.Rd1xd5 Rh8f8
33.g4 hxg4
34.hxg4 fxg4
35.Rd5xg5 Rf8f4
36.Kg2 Rf4c4
37.Rg5a5 Kb6
38.Ra5g5 Rc4xc2
39.Rg5xg4 Rc2xa2
40.Kg3 Ra2a1
41.f4 Ra1f1
42.Kg2 Rf1c1
43.f5 Rc1c8
44.f6 a5
45.f7 Rc8f8
46.Rg4f4 Kc7
47.Kf3 Kd7
48.Ke3 Ke7
49.Kd3 { draw }
1/2-1/2

[Event "Match"]
[Site "www.echecsemail.com"]
[Date "2017.11.02"]
[Round "1"]
[White "Calponas"]
[Black "Tonino1"]
[WhiteElo "2040"]
[BlackElo "2170"]
[Result "1-0"]
[Round "1"]
1.e4 d6
2.d4 Ng8f6
3.Nb1c3 g6
4.Bc1g5 Bf8g7
5.f4 O-O
6.Ng1f3 c6
7.Bf1e2 Qd8b6
8.Nc3a4 Qb6a5
9.Na4c3 Nf6xe4
10.O-O Ne4xc3
11.bxc3 f6
12.Bg5h4 Qa5xc3
13.Ra1b1 b6
14.Rb1b3 Qc3a5
15.Qd1b1 Bc8e6
16.c4 b5
17.d5 Be6d7
18.Bh4e1 Qa5a4
19.cxb5 cxb5
20.Rb3b4 Qa4a3
21.Be2xb5 Bd7xb5
22.Rb4xb5 Qa3e3
23.Be1f2 Qe3xf4
24.Rf1e1 Rf8e8
25.Rb5b7 Bg7f8
26.Nf3d4 Qf4d2
27.Nd4e6  { time }
1-0

[Event "1/64 Finale"]
[Site "www.chess-mail.com"]
[Date "2017.11.02"]
[Round "1"]
[White "Chessington"]
[Black "Ssharp"]
[WhiteElo "2720"]
[BlackElo "2190"]
[Result "1-0"]
[Round "1"]
1.Ng1f3 d5
2.g3 Ng8f6
3.Bf1g2 Nb8d7
4.O-O e6
5.d3 Bf8e7
6.Nb1d2 O-O
7.e4 c6
8.e5 Nf6e8
9.Rf1e1 b6
10.h4 h6
11.Nd2f1 Bc8a6
12.d4 Ra8b8
13.Nf1h2 c5
14.Bc1f4 Rb8c8
15.Nh2g4 Rc8c7
16.c3 Ba6c8
17.Qd1d2 h5
18.Ng4e3 f5
19.c4 cxd4
20.Nf3xd4 Nd7c5
21.cxd5 exd5
22.Bg2xd5 Kh8
23.Qd2e2 g6
24.Ra1d1 Ne8g7
25.e6 Bc8a6
26.Bd5c4 Ba6xc4
27.Ne3xc4 Qd8c8
28.Nd4b5 Rc7b7
29.Nb5d6 Qc8a8
30.Nd6xb7 Qa8xb7
31.Nc4e5 Kh7
32.b4 Nc5xe6
33.Rd1d7 Ne6xf4
34.gxf4 { resign }
1-0

[Event "1/8 Finale"]
[Site "www.chess-mail.com"]
[Date "2017.11.02"]
[Round "1"]
[White "George1955"]
[Black "Buchauer"]
[WhiteElo "2690"]
[BlackElo "2820"]
[Result "1/2-1/2"]
[Round "1"]
1.e4 e5
2.Ng1f3 Nb8c6
3.Bf1b5 Ng8f6
4.O-O Nf6xe4
5.d4 Ne4d6
6.Bb5xc6 dxc6
7.dxe5 Nd6f5
8.Qd1xd8 Kxd8
9.Nb1c3 Bf8e7
10.Rf1d1 Ke8
11.Bc1g5 h6
12.Bg5xe7 Nf5xe7
13.Nf3d4 Ne7f5
14.Nc3e2 g5
15.Rd1d2 Nf5xd4
16.Ne2xd4 Ke7
17.Ra1d1 a6
18.Nd4b3 a5
19.a4 Rh8e8
20.Nb3c5 Bc8f5
{ draw }
1/2-1/2